Missing Word: Books Beginning with 'B' Quiz Stats

Quiz Updated Nov 4, 2014

Challenge
Share
Tweet
Embed
Score 0/22 Timer 04:00
1 Play Today
BOOK TITLE ANSWER % Correct
Breakfast at ____Tiffany's
96.2%
Brave New ____World
95.7%
Bridget Jones' ____Diary
95%
The Boy in the Striped ____Pyjamas
85.6%
Brideshead ____Revisited
75.6%
The Bonfire of the ____Vanities
73.5%
Black ____Beauty
72.9%
A Brief ____ of TimeHistory
67.8%
The Bell ____Jar
63.5%
Battlefield ____Earth
62.4%
Before ____ FallsNight
61.9%
BOOK TITLE ANSWER % Correct
Bleak ____House
60.6%
The Brief Wondrous ____ of Oscar WaoLife
55.2%
Bridge to ____ Terabithia
54%
The Brothers ____Karamazov
48.6%
A Bend in the ____River
47.3%
The Big ____Sleep
46.3%
The Book ____Thief
43.3%
The Bluest ____Eye
36.6%
Brighton ____Rock
19.3%
The Blind ____Assassin
17.5%
The Book of ____ and ForgettingLaughter
6.3%

Today's Daily Dose

You're not logged in!

Compare scores with friends on all Sporcle quizzes.
Sign Up with Email
OR
Log In

You Might Also Like...

Show Comments

Extras

Top Quizzes Today


Score Distribution

Your Account Isn't Verified!

In order to create a playlist on Sporcle, you need to verify the email address you used during registration. Go to your Sporcle Settings to finish the process.